000 00542nmm a2200181Ia 4500
008 251105s9999||||xx |||||||||||||||||und||
020 _a9788417541538
041 _aspa
100 _aShannon, Samantha
245 0 _aEl priorato del naranjo
264 _a[Madrid, España] :
_bRoca Editorial,
_c[Fecha de publicación no identificada]
300 _a0 páginas
650 _aScience fiction & Fantasy
700 _aShannon, Samantha
700 1 _a Rizzo, Jorge
856 _uhttps://public.digitaliapublishing.com/a/82280
942 _cCF
999 _c71352
_d71352